Zeichen für technische Berufe Metall 1
Salvato in:
| Natura: | Libro |
|---|---|
| Lingua: | tedesco |
| Pubblicazione: |
Wien :
Bohmann Verlag,
1987
|
| Edizione: | 1.Aufl. |
| Soggetti: | |
| Tags: |
Nessun Tag, puoi essere il primo ad aggiungerne!!
|
MARC
| LEADER | 00000nam a22000003a 4500 | ||
|---|---|---|---|
| 001 | stu42428 | ||
| 005 | 20150408180508.3 | ||
| 008 | 940405s1987----au------------------ger-d | ||
| 020 | |a 3-7002-0661-5 | ||
| 040 | |a STU |b slo | ||
| 041 | 0 | |a ger | |
| 044 | |a au | ||
| 080 | |a 744 | ||
| 245 | |a Zeichen für technische Berufe Metall 1 | ||
| 250 | |a 1.Aufl. | ||
| 260 | |a Wien : |b Bohmann Verlag, |c 1987 | ||
| 300 | |a 128 s | ||
| 650 | 7 | |a kreslenie technické |2 stusub | |
| 996 | |b 284M055366 |c M*8644/1-1 |l MMKN |s A |a 24 |w stu42428_0001 | ||